000 00446cam a2200193 4500
001 B1767
008 090401t1988 xxu||||| |||| 00| 0 eng d
035 _a(Sirsi) u46321
041 _aeng
050 _a333.337
110 _aDron and Wright
_91943
245 _aRent and rates review 1988
260 _aLondon
_bDron and Wright
_c1988
300 _a(8)p. ; 30cm.
350 _a10
650 _aOFFICES
942 _n0
948 _c04/03/1997
999 _c91909
_d91909